Tendencie vývoja svetovej bezpečnosti 2015

Nový charakter bezpečnosti sveta. Základné faktory vývoja svetovej bezpečnosti v roku 2015. Nepokojný Blízky východ. Nebezpečenstvá negatívneho vplyvu afganskej krízy na región. Ukrajinská kríza. Narastajúca manipulácia verejnosti a znejasňovanie informácií.

Salvato in:
Dettagli Bibliografici
Autore principale: Škvrnda, František
Natura: Capitolo di libro
Lingua:slovacco
Soggetti:
Tags: Aggiungi Tag
Nessun Tag, puoi essere il primo ad aggiungerne!!

MARC

LEADER 00000naa a2200000 4500
001 0200241
005 20240502073404.1
041 0 |a slo 
044 |a SK 
245 1 0 |a Tendencie vývoja svetovej bezpečnosti 2015  |c František Škvrnda 
520 |a Nový charakter bezpečnosti sveta. Základné faktory vývoja svetovej bezpečnosti v roku 2015. Nepokojný Blízky východ. Nebezpečenstvá negatívneho vplyvu afganskej krízy na región. Ukrajinská kríza. Narastajúca manipulácia verejnosti a znejasňovanie informácií. 
610 2 0 |a bezpečnosť medzinárodná 
610 2 0 |a vývoj politický 
100 1 |a Škvrnda, František